000 01107nam a2200241Ia 4500
999 _c39182
_d39182
001 5767
003 GE_BSU
005 20190621175921.0
008 181216s1982|||| |||||||||||||| ||ge ||
041 _ageo
080 _a621.3.027.3(076.5) ჟ-67
100 _aჟვანია,ნ.
_92754
245 _aლაბორატორიული სამუშაოები მაღალი ძაბვის ტექნიკაში : დამხმ. სახელმძღ. /
_cნ. ჟვანია ; ზ. დიდია ; ზ. ბაბუნაშვილი ; რედ : მ. ძიძიგური.
264 _aთბილისი :
_bსპი,
_c1982.
300 _a115 გვ .:
_c20 სმ.
500 _aნახ.72; ცხრილი 19.
504 _aბიბლიოგრ.:გვ.113
653 _aმაღალი ძაბვის ტექნიკა
700 _aდიდია, ზ
_92755
700 _aბაბუნაშვილი,ზ
_92756
700 _aძიძიგური, მ
_eრედაქტორი
_9472
942 _cBK
_2udc